| 000 | 00705nrm a22002297a 4500 | ||
|---|---|---|---|
| 003 | BCEG | ||
| 005 | 20260410162757.0 | ||
| 008 | 260410s2010 sp ||||| ||||||0| r spa d | ||
| 020 | _a9788499131566 | ||
| 040 |
_aBCEG _bspa _cBCEG |
||
| 082 | 0 | 4 |
_aI808.83873 _bT328t |
| 245 | 0 | 0 |
_aTerror _h[Realia] |
| 260 |
_aMadrid : _bTodolibro, _c[2010]. |
||
| 300 |
_a[10] p. : _bil. |
||
| 490 | _a[Pop-ups Fantásticos] | ||
| 500 | _aIncluye mecanismos movibles en páginas de cartón. | ||
| 500 | _aLibro desplegable, tridimensional (pop-up). | ||
| 535 | _aDisponible en el Módulo de Realia de la Sala Infantil. | ||
| 541 | _aCompra. | ||
| 650 | 1 | 4 |
_aCuentos de terror _vLibros tridimensionales. |
| 942 | _cREA | ||
| 999 |
_c437181 _d437181 |
||